000 00408nam a22001217a 4500
082 _a330.9549105
100 _aState Bank of Pakistan
245 _aThe state of Pakistan's economy third quarterly report for the year 2005-2006 of the central board of state Bank of Pakistan
_cState Bank of Pakistan
260 _aKarachi
_bState Bank of Pakistan
_c2006
300 _a105p
563 _aP.B
942 _2ddc
_cBK
999 _c588769
_d588769